1368 1321 1232 1383 1009 1422 1739 1496 1617 1201 1767 1050 1696 1622 1407 1099 1133 1994 1308 1396 1382 1967 1753 1295 1262 1352 1756 1787 1378 1659 1479 1561 1179 1980 1932 1806 1194 1434 1234 1317 1226 1526 1072 1433 1721 1234 1851 1813 1351 1519 1167 1596 1097 1308 1760 1828 1294 1969 1666 1816 1494 1586 1847 1375 1190 1479 1219 1719 1105 1647 1651 1852 1828 1311 1221 1880 1177 1060 1865 1221 1331 1413 1776 1867 1157 1748 1988 1754 1419 1309 1192 1357 1656 1393 1854 1576 1315 1735 1119 BCNSPRNW ULIB Ver.6.0+V

เปลี่ยนเป็นภาษาไทย

Change to English
 แสดงรายละเอียดบรรณานุกรม
  กลับหน้าหลัก

Brief Record : Get Marc (ISO 2709) : E-mail record : QR code < ปิดหน้าต่าง
LEADER : 00000nam 2200000uu 4500
001    13399121664
003     ULIB
008    121129s||||||||th 000 0 tha d
020    ^a9742961581
060  4 ^aWS103^bอ294ค
245 00 ^aคู่มือกิจกรรมเสริมสร้างความฉลาดทางอารมณ์เด็กอายุ 3-11 ปี /^cกรมสุขภาพจิต กระทรวงสาธารณสุข
260    ^aนนทบุรี :^bกรมสุขภาพจิต กระทรวงสาธารณสุข,^c2546.
300    ^aก-จ, 156 หน้า :^bภาพประกอบ ;^c30 ซม.
650  7 ^aเด็ก^xจิตวิทยา
650  7 ^aเด็ก
650  7 ^aความฉลาดทางอารมณ์
710 2  ^aกระทรวงสาธารณสุข.^bกรมสุขภาพจิต
945    ^p0^l0^i13574
945    ^p0^l0^i13575
995    ^aวิภา
999    ^aวิภา
รายการนี้ยังไม่มีแท็ก
คุณยังไม่ได้ล็อกอิน คุณสามารถมีกิจกรรมร่วมกับเว็บไซต์ได้ แต่ต้องล็อกอินก่อน ::
  ล็อกอิน

รายการสื่อสารสนเทศ

ลำดับที่ ประเภท เลขเรียก/บาร์โค้ด สถานที่ สถานะ
1. วิทยาศาสตร์การแพทย์ และสุขภาพ
วิทยาศาสตร์การแพทย์ และสุขภาพ
WS103 อ294ค  
  Barcode: 13574
ห้องสมุดวิทยาเขตสวรรค์ประชารักษ์
►หนังสือทั่วไป
บนชั้น
2. วิทยาศาสตร์การแพทย์ และสุขภาพ
วิทยาศาสตร์การแพทย์ และสุขภาพ
WS103 อ294ค ฉ.2 
  Barcode: 13575
ห้องสมุดวิทยาเขตสวรรค์ประชารักษ์
►หนังสือทั่วไป
บนชั้น

รายการใกล้เคียง
    หัวเรื่อง [เด็ก]
    หัวเรื่อง [ความฉลาดทางอารมณ์]

BibComment


ยังไม่เคยถูกคอมเมนท์

คอมเมนท์ทรัพยากรรายการนี้
  คอมเมนท์: คู่มือกิจกรรมเสร..


 Copyright 2026. Bcnsprnw @Library